[Event "US Open"]
[Site "Cherry Hill USA"]
[Date "2007.08.05"]
[Round "9"]
[White "Arnold,M"]
[Black "Melekhina,A"]
[Result "1/2-1/2"]
[WhiteElo "2246"]
[BlackElo "2099"]

1.d4 Nf6 2.c4 g6 3.Nf3 Bg7 4.g3 O-O 5.Bg2 d6 6.O-O Nbd7 7.Nc3 e5 8.e4 a6
9.Re1 Re8 10.h3 exd4 11.Nxd4 Rb8 12.Be3 Ne5 13.b3 c5 14.Nde2 b5 15.cxb5 axb5
16.Nf4 b4 17.Ncd5 Nxd5 18.Nxd5 Nc6 19.Rc1 Nd4 20.Qd2 Be6 21.Bg5 f6 22.Be3 Nb5
23.Bf1 Kh8 24.Bxb5 Rxb5 25.Nf4 Qd7 26.Red1 Bf8 27.Bxc5 Rxc5 28.Rxc5 dxc5
29.Qxd7 Bxd7 30.Rxd7 Rxe4 31.Rf7 Bd6 32.Nd5 Re1+ 33.Kg2 Be5 34.Nxf6 Bxf6
35.Rxf6 Ra1 36.Ra6 c4 37.bxc4 b3 38.Rb6 bxa2 39.Ra6 Kg7 40.c5 h5 41.f4 Rc1
42.Rxa2 Rxc5 43.g4 hxg4 44.hxg4 Rc3 45.Rf2 Kf6 46.Rf3 Rc2+ 47.Kg3 Rc1 48.Ra3 Rg1+
49.Kh3 Rh1+ 50.Kg2 Rb1 51.Ra6+ Kf7 52.Kg3 Rf1 53.Ra7+ Kf8 54.Ra4 Rh1  1/2-1/2

[Event "Arctic Chess Challenge"]
[Site "Tromso NOR"]
[Date "2007.08.06"]
[Round "3"]
[White "Lahlum,I"]
[Black "Pettersson,Tob"]
[Result "0-1"]
[WhiteElo "1841"]
[BlackElo "2122"]

1.d4 d6 2.c4 g6 3.Nf3 Bg7 4.g3 Nf6 5.Bg2 O-O 6.O-O Nc6 7.Nc3 Bf5 8.a3 a6
9.b3 Rb8 10.Bb2 b5 11.d5 Na5 12.cxb5 axb5 13.Nd4 Bd7 14.Qc2 Ng4 15.Rad1 b4
16.axb4 Rxb4 17.Na2 Rb8 18.b4 Qe8 19.Nc6 Nxc6 20.dxc6 Be6 21.Bxg7 Kxg7 22.Qb2+ Kg8
23.Nc3 Ne5 24.b5 Nxc6 25.Bxc6 Qxc6 26.bxc6 Rxb2 27.e4 Bh3 28.Rfe1 Ra8 29.Rb1 Rxb1
30.Rxb1 e6 31.Rc1 Ra5 32.Ne2 Bg4 33.Kf1 Bf3 34.Ke1 Bxe4 35.Rc3 Rc5 36.Rb3 Bxc6
37.Nd4 e5 38.Ne2 Kg7 39.f4 f6 40.Ra3 Bb5 41.Nc3 exf4 42.gxf4 Bc6 43.Kd2 Kf7
44.Ra7 Bg2 45.Na4 Rc6  0-1

[Event "IM"]
[Site "Dubna RUS"]
[Date "2007.08.07"]
[Round "10"]
[White "Truskavetsky,A"]
[Black "Severiukhina,Z"]
[Result "1/2-1/2"]
[WhiteElo "2392"]
[BlackElo "2267"]

1.d4 Nf6 2.c4 g6 3.Nf3 Bg7 4.g3 O-O 5.Bg2 d6 6.O-O Nbd7 7.Nc3 e5 8.h3 a6
9.Re1 exd4 10.Nxd4 Ne5 11.b3 c5 12.Nc2 Ne8 13.Bb2 Rb8 14.f4 Nc6 15.Rb1 Bd7
16.a4 Na5 17.Ne4 Bxb2 18.Rxb2 Bc6 19.Ne3 b5 20.axb5 axb5 21.cxb5 Rxb5 22.Nc3 Rb8
23.Bxc6 Nxc6 24.Ned5 Nf6 25.Rd2 Nxd5 26.Nxd5 Nb4 27.Nxb4 Rxb4 28.Rxd6 Qe7
29.Rd3 h5 30.e3 Re8 31.Qc2 h4 32.Qf2 hxg3 33.Qxg3 Qf6 34.Red1 Qe6 35.Rc3 Re4
36.Kf2 Ra8 37.Rd2 Rb8 38.Rcd3 Kg7 39.Qg4 Qe7 40.Rd7 Qf6 41.Qg5 Qxg5 42.fxg5 Rxb3
43.Re2 Re5 44.h4 Re4 45.Rc7 Rc3 46.Kf3 Rxh4 47.Rf2 Kf8 48.Kg3 Rh7 49.Kf4 Rh4+
50.Kg3 Rh7  1/2-1/2

[Event "12th WY U16 Ol"]
[Site "Singapore SIN"]
[Date "2007.08.07"]
[Round "4"]
[White "Azemati,A"]
[Black "Illingworth,M"]
[Result "1/2-1/2"]
[WhiteElo "2116"]
[BlackElo "2137"]

1.d4 Nf6 2.c4 g6 3.Nf3 Bg7 4.g3 O-O 5.Bg2 d6 6.Nc3 Nbd7 7.e4 e5 8.O-O exd4
9.Nxd4 Re8 10.h3 a6 11.Be3 Rb8 12.Qc2 Ne5 13.b3 c5 14.Nde2 b5 15.cxb5 axb5
16.Rad1 c4 17.bxc4 bxc4 18.Rb1 Rxb1 19.Rxb1 Nfd7 20.Nd5 Nc5 21.Nb6 Ba6 22.Bxc5 dxc5
23.Qa4 Bc8 24.Rd1 Qe7 25.Nd5 Qf8 26.Nc1 Bd7 27.Qc2  1/2-1/2

[Event "Scandinavian Chess Tournament"]
[Site "Taby SWE"]
[Date "2007.08.07"]
[Round "5"]
[White "Brynell,S"]
[Black "Backmann,M"]
[Result "1-0"]
[WhiteElo "2459"]
[BlackElo "2115"]

1.d4 Nf6 2.c4 g6 3.Nf3 Bg7 4.g3 O-O 5.Bg2 d6 6.O-O Nbd7 7.Nc3 e5 8.h3 a6
9.dxe5 dxe5 10.Be3 Qe7 11.Nd5 Nxd5 12.cxd5 Nf6 13.Qb3 Rd8 14.Rfd1 e4 15.Ne1 b6
16.Nc2 Bb7 17.Nb4 a5 18.Nc6 Bxc6 19.dxc6 Ne8 20.Bf4 g5 21.Rd7 Rxd7 22.cxd7 gxf4
23.dxe8=Q+ Rxe8 24.gxf4 e3 25.fxe3 Qxe3+ 26.Qxe3 Rxe3 27.Rc1 Rxe2 28.Rxc7 Bd4+
29.Kh2 Rxb2 30.Kg3 Rxa2 31.Bd5 Rd2 32.Kg4 Bc5 33.Bxf7+ Kf8 34.Be6 a4 35.Rxh7 a3
36.f5 Rg2+ 37.Kf3 Rf2+ 38.Ke4 b5 39.Rc7 Be7 40.Ra7 b4 41.Kd3 Ke8 42.Ra8+ Bd8
43.Rb8 Rf4 44.Ke3 Rh4 45.f6 Rh6 46.f7+ Ke7 47.Ba2 Rxh3+ 48.Ke4 Rh8 49.Kf5 Rh2
50.Bc4 Rf2+ 51.Ke4 Rf4+ 52.Kd3 Rf3+ 53.Kd4 Rf4+ 54.Kc5 Kd7 55.Rb7+ Bc7 56.Ra7 Rf5+
57.Kxb4 Kc6 58.Ra6+ Kb7 59.Rg6 Rf4 60.Kxa3 Be5 61.Kb3 Kc7 62.Rg8 Bd6 63.Re8 Rf3+
64.Kc2 Rf2+ 65.Kd3 Rf3+ 66.Ke2 Rf4 67.Bd5 Rf5 68.Bb3 Rf4 69.Ke3 Rf5 70.Ke4 Rf2
71.Bd5 Rf1 72.Ra8 Rf4+ 73.Ke3 Rf5 74.Bc4 Rf6 75.Ke4 Rf4+ 76.Kd5 Rf5+ 77.Ke6 Re5+
78.Kf6 Re4 79.Be6 Re1 80.Rc8+ Kb7 81.f8=Q Bxf8 82.Rxf8 Rf1+ 83.Bf5 Kc7 84.Ke5 Kb6
85.Rd8 Kc7 86.Rd7+ Kc6 87.Rd2 Re1+ 88.Be4+ Kc5  1-0

[Event "Ave-Kontakt Cup IMC"]
[Site "Olomouc CZE"]
[Date "2007.08.08"]
[Round "10"]
[White "Khamzin,O"]
[Black "Ni,V"]
[Result "1-0"]
[WhiteElo "2333"]
[BlackElo "2147"]

1.d4 Nf6 2.c4 g6 3.Nf3 Bg7 4.g3 O-O 5.Bg2 d6 6.O-O Nbd7 7.Nc3 e5 8.e4 exd4
9.Nxd4 Re8 10.h3 Nc5 11.Re1 a5 12.Ndb5 h6 13.Rb1 Be6 14.b3 Nfd7 15.Qc2 Ne5
16.Rd1 Nc6 17.Be3 Qe7 18.Qd2 Kh7 19.Nd5 Bxd5 20.exd5 Ne5 21.Qc2 Na6 22.a3 Rad8
23.Nc3 Qf6 24.Ne2 Qf5 25.Qxf5 gxf5 26.Nd4 Kg6 27.Bf1 Nc5 28.Kg2 Bf6 29.Nb5 Na6
30.Bd2 b6 31.f4 Nd7 32.b4 axb4 33.axb4 Bg7 34.Bd3 Nf6 35.Nd4 Ne4 36.Nxf5 Kxf5
37.Kf3 Kf6 38.Bxe4 Ke7 39.Rb3 Kf8 40.Rc1 Re7 41.Ra3 Rde8 42.Bd3 Nxb4 43.Bxb4 Re3+
44.Kg2 Bb2 45.Rd1 Bxa3 46.Bxa3 Ra8 47.Kf2 Re7 48.Bb4 Ra4 49.Bc3 c6 50.dxc6 Rc7
51.Be4 Rxc4 52.Bd4 Rb4 53.Bd5 Rc8 54.Bf6 b5 55.Re1  1-0

[Event "12th WY U16 Ol"]
[Site "Singapore SIN"]
[Date "2007.08.10"]
[Round "8"]
[White "Anas,N"]
[Black "Lee Yi Sen,I"]
[Result "1/2-1/2"]
[WhiteElo "2230"]
[BlackElo "1896"]

1.d4 Nf6 2.Nf3 d6 3.c4 g6 4.g3 Bg7 5.Bg2 O-O 6.O-O Nbd7 7.Nc3 e5 8.dxe5 dxe5
9.e4 c6 10.b3 Qe7 11.Qc2 Re8 12.Bb2 Nf8 13.h3 Ne6 14.Ne2 Nd7 15.Nc1 Ng5 16.Nxg5 Qxg5
17.Nd3 Qh5 18.Qc3 Nf8 19.g4 Qh6 20.Nc1 Ne6 21.Ne2 Qh4 22.Rad1 h5 23.gxh5 Qxh5
24.Rfe1 Ng5 25.Rd3 Qh4 26.Nc1 Ne6  1/2-1/2

[Event "Scandinavian Chess Tournament"]
[Site "Taby SWE"]
[Date "2007.08.10"]
[Round "9"]
[White "Bjarnehag,P"]
[Black "Hallerod,R"]
[Result "1-0"]
[WhiteElo "2192"]
[BlackElo "2160"]

1.Nf3 Nf6 2.c4 g6 3.g3 Bg7 4.Bg2 d6 5.d4 O-O 6.Nc3 c5 7.O-O cxd4 8.Nxd4 a6
9.b3 Qc7 10.Bg5 Nbd7 11.Qd2 Re8 12.Rfd1 Rb8 13.Rac1 b6 14.Nc6 Rb7 15.Nd5 Nxd5
16.cxd5 Nf6 17.Na5 Qd7 18.Nxb7 Bxb7 19.Bh6 Bxh6 20.Qxh6 Rc8 21.Rxc8+ Qxc8
22.e4 a5 23.Rc1 Qd8 24.Qe3 Nd7 25.a3 Nf6 26.Qc3 Ne8 27.Bh3 f5 28.exf5 Bxd5
29.fxg6 hxg6 30.Qd3 e6 31.Bg2 Bxg2 32.Qxg6+ Ng7 33.Kxg2 d5 34.h4 d4 35.h5 Kh8
36.h6 Qa8+ 37.Kg1  1-0

[Event "17th Chess Festival"]
[Site "Abu Dhabi UAE"]
[Date "2007.08.12"]
[Round "1"]
[White "Ghaem Maghami,E"]
[Black "Sattarov,F"]
[Result "1/2-1/2"]
[WhiteElo "2610"]
[BlackElo "2357"]

1.c4 g6 2.d4 Bg7 3.Nf3 Nf6 4.g3 O-O 5.Bg2 d6 6.O-O Nc6 7.Nc3 e5 8.dxe5 Nxe5
9.Nxe5 dxe5 10.Bg5 Qxd1 11.Rfxd1 c6 12.b3 Bf5 13.h3 Rfe8 14.Be3 h5 15.Na4 e4
16.Rac1 b6 17.Rd6 Rac8 18.Rcd1 Nh7 19.R6d2 Nf8 20.Bd4 Bh6 21.e3 Ne6 22.Bf6 Ng5
23.Kh2 Nf3+ 24.Bxf3 exf3 25.Nc3 Bf8 26.g4 hxg4 27.e4 Be6 28.hxg4 Bxg4 29.Kg3 Bh5
30.Rd7 Bb4 31.Rxa7 Re6  1/2-1/2

[Event "17th Chess Festival"]
[Site "Abu Dhabi UAE"]
[Date "2007.08.13"]
[Round "2"]
[White "Moradiabadi,E"]
[Black "Sale,S"]
[Result "1-0"]
[WhiteElo "2540"]
[BlackElo "2411"]

1.d4 Nf6 2.Nf3 g6 3.c4 Bg7 4.g3 O-O 5.Bg2 d6 6.O-O c6 7.Nc3 Qb6 8.h3 Qa6
9.Nd2 Be6 10.b3 d5 11.cxd5 Nxd5 12.Bb2 Nxc3 13.Bxc3 Rd8 14.Ne4 Qa3 15.Ng5 Bc8
16.Qd2 Na6 17.Qf4 f6 18.Nf3 Qd6 19.Qc1 f5 20.Ba5 Rf8 21.Bd2 Be6 22.Bf4 Qd7
23.Rd1 Bd5 24.Ne5 Bxe5 25.Bxe5 Bxg2 26.Kxg2 Nb4 27.Qb1 Rf7 28.h4 f4 29.h5 Qf5
30.hxg6 f3+ 31.Kg1 Qxg6 32.Qxg6+ hxg6 33.e4 Nc2 34.Rac1 Na3 35.d5 Rc8 36.dxc6 Rxc6
37.Rxc6 bxc6 38.Rd8+ Rf8 39.Rd7 Kf7 40.Rxa7 Nb5 41.Ra6 Rd8 42.a4 Nd4 43.Bxd4 Rxd4
44.Rxc6 Rd1+ 45.Kh2 Rd2 46.Kh3 Rxf2 47.Rc3 Rf1 48.Kg4 f2 49.Kf3 Ke6 50.Ke2  1-0

[Event "Open"]
[Site "Callao PER"]
[Date "2007.08.13"]
[Round "8"]
[White "Pacheco,M"]
[Black "Cori,J"]
[Result "1/2-1/2"]
[WhiteElo "2405"]
[BlackElo "2267"]

1.d4 Nf6 2.c4 g6 3.Nf3 Bg7 4.g3 O-O 5.Bg2 d6 6.O-O Nbd7 7.Nc3 c6 8.e4 e5
9.h3 Re8 10.Re1 Qc7 11.Be3 Nf8 12.d5 c5 13.a3 a6 14.Qe2 Bd7 15.b4 b6 16.Rab1 Rec8
17.a4 Rab8 18.Nd2 Ne8 19.a5 b5 20.bxc5 Qxa5 21.Rec1 dxc5 22.Nb3 Qa3 23.Qa2 Qxa2
24.Nxa2 Nd6 25.cxb5 c4 26.Na5 Rxb5 27.Nc6 Bxc6 28.dxc6 Rxc6 29.Nc3 Ne6 30.Nxb5 axb5
31.Ra1 h5 32.Ra8+ Kh7 33.Rb8 c3 34.Bf1 Bh6 35.Rc2 Nd4 36.Bxd4 exd4 37.Bd3 Bd2
38.Kf1 Ra6 39.Ke2 Ra1 40.Rxd2 cxd2 41.Kxd2 Nc4+ 42.Ke2 Ra2+ 43.Ke1 Ne5 44.Bxb5 d3
45.Rd8 Nf3+ 46.Kf1 Ra1+ 47.Kg2 Ne1+ 48.Kh2 Kg7 49.e5 g5 50.f4 g4 51.hxg4 hxg4
52.Rd7 Ra2+ 53.Kg1 Nf3+ 54.Kf1 Nh2+ 55.Kg1 Nf3+ 56.Kf1 Nh2+  1/2-1/2

[Event "Acropolis Open"]
[Site "Athens GRE"]
[Date "2007.08.19"]
[Round "6"]
[White "Romanishin,O"]
[Black "Dembo,Y"]
[Result "1/2-1/2"]
[WhiteElo "2546"]
[BlackElo "2464"]

1.d4 Nf6 2.Nf3 g6 3.g3 Bg7 4.Bg2 O-O 5.c4 d6 6.O-O Nc6 7.Nc3 a6 8.b3 Bd7
9.Bb2 e5 10.dxe5 dxe5 11.Nd5 Nh5 12.Qd2 e4 13.Nd4 f5 14.Rad1 Ne5 15.Qb4 Rf7
16.Nf4 Qc8 17.Nxh5 gxh5 18.c5 h4 19.gxh4 Ng6 20.Kh1 Nxh4 21.Rg1 Ng6 22.Bh3 Kh8
23.Rg5 f4 24.Bxd7 Rxd7 25.Rdg1 a5 26.Qa4 Qe8 27.e3 fxe3 28.fxe3 Rf7 29.Qc4 Qd7
30.Bc3 Re8 31.c6 bxc6 32.Nxc6 Rf2 33.Bxg7+ Qxg7 34.R5g2 Rxg2 35.Rxg2 Qf6
36.Qd4 Qxd4 37.Nxd4 Ne5 38.Rc2 Ng4 39.Nf5 Re5 40.h3  1/2-1/2

[Event "20th Open"]
[Site "Panevezys LTU"]
[Date "2007.08.19"]
[Round "2"]
[White "Zebelis,R"]
[Black "Chocenka,D"]
[Result "0-1"]
[WhiteElo "2012"]
[BlackElo "2298"]

1.d4 Nf6 2.Nf3 g6 3.c4 Bg7 4.g3 O-O 5.Bg2 d6 6.Nc3 Nc6 7.O-O Bf5 8.Nh4 Bd7
9.Nf3 a6 10.h3 e5 11.d5 Ne7 12.e4 b5 13.Nd2 Ne8 14.f4 exf4 15.gxf4 f5 16.Qe2 fxe4
17.cxb5 axb5 18.Ndxe4 b4 19.Nd1 Nf5 20.Ne3 Nd4 21.Qf2 Rxf4 22.Qe1 Rxf1+ 23.Qxf1 Qh4
24.Qf2 Qxf2+ 25.Kxf2 Nb3 26.Rb1 Nxc1 27.Rxc1 Rxa2 28.Rc2 Rxb2 29.Rxb2 Bxb2
30.Ke2 Be5 31.Kd3 b3 32.Nc4 Bb5 33.Nd2 Ng7 34.Nxb3 Nh5 35.Bf1 c6 36.dxc6 d5
37.Nd2 dxc4+ 38.Ke4 Bc7 39.Bxc4+ Bxc4 40.Nxc4 Kf7 41.Kd5  0-1

[Event "20th Open"]
[Site "Panevezys LTU"]
[Date "2007.08.19"]
[Round "3"]
[White "Kveinys,A"]
[Black "Ivoskaite,D"]
[Result "1-0"]
[WhiteElo "2537"]
[BlackElo "2062"]

1.Nf3 Nf6 2.c4 g6 3.d4 Bg7 4.g3 O-O 5.Bg2 d6 6.O-O Nbd7 7.Nc3 e5 8.e4 c6
9.h3 a5 10.Be3 exd4 11.Nxd4 Re8 12.Qc2 Nc5 13.Nb3 Be6 14.Nxc5 dxc5 15.Na4 b6
16.Rfd1 Qc7 17.Bf4 Qb7 18.Rd6 Nd7 19.e5 Rac8 20.Rad1 Bf5 21.Qb3 Bf8 22.Rxd7 Bxd7
23.Nxb6 Be6 24.Nxc8 Qxb3 25.axb3 Rxc8 26.Ra1 Rb8 27.Ra3 a4 28.bxa4 Bxc4 29.a5 Ba6
30.Ra2 c4 31.Bxc6 Rc8 32.Bg2 Bc5 33.Be3 Bxe3 34.fxe3 Re8 35.Bd5 Rxe5 36.e4 Kf8
37.Kf2 f5 38.Ke3 Ke7 39.Kd4 Kd6 40.Ra4 fxe4 41.Bxe4 Rg5 42.Ra3 Rb5 43.Kxc4 Rxb2+
44.Kd4 Rb4+ 45.Ke3  1-0

[Event "17th Chess Festival"]
[Site "Abu Dhabi UAE"]
[Date "2007.08.20"]
[Round "9"]
[White "Neverov,V"]
[Black "Amin,B"]
[Result "1/2-1/2"]
[WhiteElo "2541"]
[BlackElo "2535"]

1.d4 Nf6 2.c4 g6 3.Nf3 Bg7 4.g3 O-O 5.Bg2 d6 6.O-O Nbd7 7.Qc2 e5 8.Rd1 Re8
9.Nc3 c6 10.e4 a6 11.h3 Qe7 12.Be3 b5 13.d5 cxd5 14.cxd5 Qf8 15.b4 Bh6 16.Qd2 Bxe3
17.Qxe3 Rb8 18.a4 bxa4 19.Rdb1 Nb6 20.Nxa4 Nxa4 21.Rxa4 Re7 22.Nd2 Reb7 23.Bf1 Bd7
24.Rxa6 Rxb4 25.Rxb4 Rxb4 26.Qa3 Rd4 27.Ra8 Ne8 28.Nc4 Rxe4 29.Nb6 Bf5 30.Qc1 Qe7
31.Qc6 Kf8 32.Bb5 Re1+ 33.Kg2 Kg7 34.Qxe8 Qxe8 35.Bxe8 Rb1 36.Nc4 Be4+ 37.f3 Bxd5
38.Ra4 Kf8 39.Bd7 Ke7 40.Bc8 Rc1 41.Ra7+ Kf8 42.Nxd6 Rc6 43.Ra6 Rc2+ 44.Kg1 Bxf3
45.Ra3 e4 46.Ra7 Kg8 47.Re7 Rc6 48.Re8+ Kg7 49.Nb5 Rc2 50.g4 Rg2+ 51.Kf1 Rh2
52.Nd4 Rxh3 53.Kf2 h5 54.gxh5 Rxh5 55.Nxf3 exf3 56.Kxf3  1/2-1/2

[Event "Open A"]
[Site "Polanica Zdroj POL"]
[Date "2007.08.20"]
[Round "4"]
[White "Litwin,J"]
[Black "Szumilas,Pa"]
[Result "1-0"]
[WhiteElo "2198"]
[BlackElo "2127"]

1.d4 Nf6 2.c4 g6 3.g3 Bg7 4.Bg2 d6 5.Nf3 O-O 6.Nc3 Nc6 7.O-O a6 8.d5 Na5
9.Nd2 c5 10.Qc2 Rb8 11.b3 b5 12.Bb2 e5 13.dxe6 fxe6 14.Nce4 Nxe4 15.Bxg7 Nxd2
16.Bxf8 Nxf1 17.Bh6 Nxh2 18.Qc3 Qe7 19.Kxh2 b4 20.Qd2 Bb7 21.Rd1 Bxg2 22.Kxg2 Nb7
23.e4 e5 24.Qd5+ Qf7 25.Qc6 a5 26.Rd3 Qe7 27.Rf3 Nd8 28.Qd7  1-0

[Event "X Open"]
[Site "Banyoles ESP"]
[Date "2007.08.23"]
[Round "8"]
[White "Shengelia,D"]
[Black "Lillo Ferrer,J"]
[Result "1-0"]
[WhiteElo "2572"]
[BlackElo "2191"]

1.d4 Nf6 2.Nf3 g6 3.g3 Bg7 4.Bg2 O-O 5.c4 d6 6.O-O Nc6 7.Nc3 Bf5 8.Ne1 e5
9.d5 Ne7 10.e4 Bd7 11.Nd3 Ne8 12.Be3 f5 13.f3 c5 14.Qd2 Kh8 15.a3 Nf6 16.Kh1 a6
17.b4 b6 18.Rfb1 h5 19.a4 h4 20.gxh4 Neg8 21.bxc5 bxc5 22.a5 Rf7 23.Rb6 Qf8
24.Bxc5 dxc5 25.Nxe5 Bh6 26.Nxg6+ Kg7 27.Qxh6+ Nxh6 28.Nxf8 Rfxf8 29.e5 Nh5
30.e6 Bc8 31.Na4 Nf4 32.Nxc5 Ng8 33.Rg1 Kf6 34.Bf1 Ke5 35.Nd3+ Nxd3 36.Bxd3 Ra7
37.Re1+ Kd4 38.Bf1 Re8 39.d6 Bb7 40.Kg2 Nf6 41.d7 Rg8+ 42.Kf2 Kc3  1-0

[Event "Dato Arthur Tan Malaysian Op"]
[Site "Kuala Lumpur MAS"]
[Date "2007.08.24"]
[Round "7"]
[White "Chong Chor Yuen"]
[Black "Lee,T"]
[Result "1-0"]
[WhiteElo "2067"]
[BlackElo "1867"]

1.d4 Nf6 2.c4 g6 3.Nf3 Bg7 4.g3 O-O 5.Bg2 d6 6.Nc3 Nc6 7.O-O e5 8.d5 Ne7
9.e4 Nd7 10.Be3 f5 11.Ng5 Nf6 12.Ne6 Bxe6 13.dxe6 Qc8 14.Nd5 Nc6 15.exf5 gxf5
16.Qd2 Ng4 17.Bg5 h6 18.Bh4 e4 19.f3 Bd4+ 20.Kh1 e3 21.Qxd4 Nxd4 22.Ne7+ Kh7
23.Nxc8 Nf2+ 24.Rxf2 exf2 25.Ne7 Rae8 26.Rf1 Nxe6 27.Rxf2 Ng5 28.f4 Rxe7
29.fxg5 Re1+ 30.Bf1 Rfe8 31.gxh6 Kxh6 32.Kg2 R8e5 33.g4 fxg4 34.Rf6+ Kg7
35.Bxe1 Rxe1 36.Rf2 Kh6 37.Be2 Rc1 38.b3 Kg5 39.Bd3 Rd1 40.Bc2 Ra1 41.Be4 b6
42.Kg3 Rg1+ 43.Bg2 Rd1 44.Bf1 Rc1 45.Kg2 a5 46.Rd2 Re1 47.Kf2 Re7 48.Be2 Rh7
49.Rd5+ Kf6 50.Kg2 Rh4 51.Rd4 Kg5 52.Re4 Kf5 53.Re7 c5 54.Rb7 Rh3 55.Bxg4+ Kxg4
56.Rg7+ Kh4 57.Rh7+ Kg4 58.Rxh3  1-0

[Event "1st Serbian League Men"]
[Site "Zlatibor SRB"]
[Date "2007.08.24"]
[Round "4"]
[White "Blagojevic,Dr"]
[Black "Popovic,Du"]
[Result "1/2-1/2"]
[WhiteElo "2502"]
[BlackElo "2551"]

1.d4 Nf6 2.c4 g6 3.Nf3 Bg7 4.g3 O-O 5.Bg2 d6 6.O-O Nc6 7.Nc3 Bf5 8.Ne1 Na5
9.e4 Bg4 10.f3 Bd7 11.b3 c5 12.Nc2 Nc6 13.Be3  1/2-1/2

[Event "Dato Arthur Tan Malaysian Op"]
[Site "Kuala Lumpur MAS"]
[Date "2007.08.25"]
[Round "9"]
[White "Zhang Zhong"]
[Black "Wan Yunguo"]
[Result "1/2-1/2"]
[WhiteElo "2634"]
[BlackElo "2386"]

1.d4 Nf6 2.c4 g6 3.Nf3 Bg7 4.g3 O-O 5.Bg2 d6 6.O-O c6 7.Nc3 Qa5 8.h3 e5 9.e4 Nbd7
10.Be3 Nb6 11.Nd2 exd4 12.Bxd4 Be6 13.Qe2 c5 14.Be3 Qb4 15.Rfc1 Bxc4 16.a3 Qa4
17.Qe1 Qe8 18.Bf4 Rd8 19.Nxc4  1/2-1/2

[Event "1st Serbian League Men"]
[Site "Zlatibor SRB"]
[Date "2007.08.25"]
[Round "5"]
[White "Arsovic,G"]
[Black "Krnic,Z"]
[Result "1-0"]
[WhiteElo "2470"]
[BlackElo "2385"]

1.d4 Nf6 2.Nf3 g6 3.c4 Bg7 4.g3 O-O 5.Bg2 d6 6.O-O c6 7.Nc3 a6 8.e4 b5 9.e5 Ne8
10.Qe2 Nc7 11.Bg5 d5 12.cxd5 cxd5 13.Qd2 Bg4 14.h3 Bxf3 15.Bxf3 Qd7 16.Rac1 Nc6
17.Rfe1 Rfc8 18.Kg2 a5 19.Bg4 e6 20.h4 a4 21.h5 b4 22.Ne2 b3 23.axb3 Na5
24.hxg6 fxg6 25.Nf4 Nxb3 26.Rxc7 Qxc7 27.Bxe6+ Kf8 28.Qb4+ Ke8 29.Nxd5 Qa7
30.Qb5+  1-0

[Event "1st Serbian League Men"]
[Site "Zlatibor SRB"]
[Date "2007.08.28"]
[Round "7"]
[White "Popov,Si1"]
[Black "Todorovic,J"]
[Result "1-0"]
[WhiteElo "2481"]
[BlackElo "2409"]

1.d4 Nf6 2.c4 g6 3.Nf3 Bg7 4.g3 O-O 5.Bg2 d6 6.O-O Nbd7 7.Qc2 e5 8.Rd1 exd4
9.Nxd4 Re8 10.Nc3 a6 11.b3 Ne5 12.Bb2 h5 13.c5 d5 14.e4 c6 15.exd5 cxd5 16.Na4 Bg4
17.Re1 Qc7 18.Nb6 Rad8 19.Re3 Nc6 20.Rae1 Rxe3 21.Rxe3 h4 22.h3 Bc8 23.Qe2 hxg3
24.fxg3 Ne4 25.Nxc6 bxc6 26.Bxg7 Kxg7 27.Bxe4 dxe4 28.Nc4 Bxh3 29.g4 Rh8
30.Nd6 f5 31.Rxh3 Rf8 32.Qb2+  1-0

[Event "XXII Open"]
[Site "Parla ESP"]
[Date "2007.09.01"]
[Round "1"]
[White "Serrano Salvador,E"]
[Black "Marcos Herrero,F"]
[Result "1-0"]
[WhiteElo "2354"]
[BlackElo "1940"]

1.d4 Nf6 2.Nf3 g6 3.c4 Bg7 4.g3 d6 5.Bg2 O-O 6.Nc3 c5 7.O-O Nc6 8.d5 Nb8
9.h3 e6 10.e4 exd5 11.cxd5 Re8 12.Re1 Nbd7 13.Bf4 Qb6 14.Nd2 Bf8 15.Nc4 Qa6
16.Bf1 b5 17.Na3 Qb6 18.Bxb5 a6 19.Nc4 Qc7 20.Bc6 Rb8 21.g4 Bb7 22.Ba4 Red8
23.Qf3 h5 24.Bg5 Be7 25.Bxd7  1-0

[Event "ch-Africa Men"]
[Site "Windhoek NAM"]
[Date "2007.09.08"]
[Round "8"]
[White "Adly,A"]
[Black "Ezat,M"]
[Result "1-0"]
[WhiteElo "2488"]
[BlackElo "2438"]

1.Nf3 Nf6 2.g3 g6 3.Bg2 Bg7 4.d4 O-O 5.c4 d6 6.O-O Nc6 7.Nc3 Bg4 8.d5 Na5
9.Nd2 c5 10.a3 Qc8 11.Qc2 Bh3 12.Rb1 a6 13.Nce4 Bxg2 14.Kxg2 b5 15.b3 Rb8
16.Nxf6+ Bxf6 17.Bb2 Bxb2 18.Rxb2 bxc4 19.bxc4 Qf5 20.Qxf5 gxf5 21.Rfb1 Ra8
22.Rb6 Rfd8 23.f3 Kg7 24.Kf2 Rd7 25.Ke3 Raa7 26.Kd3 Rdb7 27.h3 h5 28.Kc3 Kf6
29.h4 Kg7 30.a4 Kf6 31.e4 fxe4 32.Nxe4+ Kg6 33.Ng5 Rd7 34.Nh3 Rab7 35.Nf4+ Kh6
36.R1b2 Rdc7 37.Nd3 Ra7 38.Ne5 Kg7 39.Nd3 Kh6 40.g4 hxg4 41.fxg4 Rcb7 42.Ne5 Kg7
43.Rxb7 Rxb7 44.Rxb7 Nxb7 45.Nc6 e6 46.Nb8 exd5 47.cxd5 a5 48.Nc6 f5 49.gxf5 Kf6
50.Kc4 Kxf5 51.Kb5 c4 52.Kxc4 Nc5 53.Kb5 Ke4 54.h5 Nd7 55.h6 Nf6 56.Kc4 Nd7
57.h7 Nf8  1-0

[Event "TCh-FIN 2007-8"]
[Site "Finland FIN"]
[Date "2007.09.16"]
[Round "2"]
[White "Haapasalo,JP"]
[Black "Porrasmaa,T"]
[Result "1/2-1/2"]
[WhiteElo "2186"]
[BlackElo "2178"]

1.Nf3 g6 2.d4 Nf6 3.c4 Bg7 4.g3 O-O 5.Bg2 d6 6.O-O Nbd7 7.Nc3 e5 8.e4 a6
9.h3 b5 10.dxe5 dxe5 11.b4 Bb7 12.Qe2  1/2-1/2

[Event "LNA Copa Puma"]
[Site "Argentina ARG"]
[Date "2007.09.22"]
[Round "7"]
[White "Lafuente,P"]
[Black "Lemos,D"]
[Result "1/2-1/2"]
[WhiteElo "2454"]
[BlackElo "2456"]

1.d4 Nf6 2.c4 g6 3.Nf3 Bg7 4.g3 O-O 5.Bg2 d6 6.Nc3 Nc6 7.O-O a6 8.d5 Na5
9.Nd2 c5 10.Qc2 Rb8 11.b3 b5 12.Bb2 e5 13.Rab1 Bf5 14.e4 Bd7 15.Ne2 Nh5 16.Bc3 Nb7
17.Rbe1 f5 18.f4 b4 19.Bb2 Qe7 20.Qc1 Rbe8 21.fxe5 Bxe5 22.Bxe5 Qxe5 23.Nf3 Qg7
24.exf5 Bxf5 25.Ng5 Nd8 26.Qd2  1/2-1/2

[Event "Highlands Open A"]
[Site "Zdar nad Sazavou CZE"]
[Date "2007.09.22"]
[Round "1"]
[White "Balhar,J"]
[Black "Nemcova,Kar"]
[Result "0-1"]
[WhiteElo "2226"]
[BlackElo "1909"]

1.d4 Nf6 2.c4 g6 3.Nf3 Bg7 4.g3 O-O 5.Bg2 d6 6.O-O Nbd7 7.Nc3 e5 8.h3 h6
9.e4 Kh7 10.d5 Ne8 11.Ne1 Nb6 12.b3 f5 13.Nd3 f4 14.c5 dxc5 15.Nxc5 Qf6 16.Kh2 f3
17.Bh1 g5 18.g4 h5 19.Rg1 hxg4 20.Rg3 Qh6 21.Be3 Qh4 22.Qd2 Kg6 23.Rag1 Rh8
24.Rd1 Nf6 25.Bxf3 gxf3 26.Bxg5 Qxh3+ 27.Rxh3 Bxh3 28.Kg3 Bg2 29.Bxf6 Bxf6
30.Ne6 Rag8 31.Ng7 Rxg7 32.Qd3 Kf7+  0-1

[Event "2nd ITT"]
[Site "Villa Martelli ARG"]
[Date "2007.09.23"]
[Round "2"]
[White "Fernandez,Dani"]
[Black "Della Morte,P"]
[Result "1-0"]
[WhiteElo "2447"]
[BlackElo "2283"]

1.Nf3 Nf6 2.c4 g6 3.g3 Bg7 4.d4 O-O 5.Bg2 d6 6.O-O Nc6 7.Nc3 a6 8.h3 Bd7
9.e4 e5 10.d5 Nd4 11.Nxd4 exd4 12.Qxd4 Qc8 13.h4 Ng4 14.Qd3 Ne5 15.Qe2 b5
16.cxb5 axb5 17.f4 Ng4 18.f5 gxf5 19.exf5 Bxf5 20.Nxb5 Ne5 21.Be4 Bxe4 22.Qxe4 Qh3
23.Bf4 Rab8 24.a4 Rxb5 25.axb5 Ng4 26.Rf2 Nxf2 27.Kxf2 Bxb2 28.Ra4 Rb8 29.b6 Qh2+
30.Kf1 Rxb6 31.Ra8+ Kg7 32.Bh6+ Kf6 33.Qf4+ Ke7 34.Bf8+  1-0

[Event "2nd ITT"]
[Site "Villa Martelli ARG"]
[Date "2007.09.24"]
[Round "4"]
[White "Fernandez,Dani"]
[Black "Perdomo,L"]
[Result "1-0"]
[WhiteElo "2447"]
[BlackElo "2391"]

1.Nf3 Nf6 2.c4 g6 3.g3 Bg7 4.d4 O-O 5.Bg2 d6 6.O-O Nc6 7.Nc3 Bf5 8.Nh4 Bd7
9.e4 e5 10.d5 Nd4 11.f4 Ne8 12.f5 c5 13.Be3 a6 14.Qd2 b5 15.Rf2 Bf6 16.Raf1 g5
17.Nf3 h6 18.Bh1 Bg7 19.h4 f6 20.Nh2 bxc4 21.Qd1 Nc7 22.hxg5 fxg5 23.Qh5 Be8
24.Qh3 Rf6 25.Ng4 Bd7 26.Bf3 Nxf3+ 27.Rxf3 Nb5 28.Nxf6+ Qxf6 29.Rc1 Nd4 30.Rf2 Rb8
31.g4 Be8 32.Qf1 Rb4 33.a3 Rb3 34.Re1 h5 35.gxh5 Qh6 36.Qh3 Kh8  1-0

[Event "2nd ITT"]
[Site "Villa Martelli ARG"]
[Date "2007.09.27"]
[Round "7"]
[White "Della Morte,P"]
[Black "Zuriel,M"]
[Result "1-0"]
[WhiteElo "2283"]
[BlackElo "2184"]

1.d4 Nf6 2.Nf3 g6 3.g3 Bg7 4.Bg2 O-O 5.c4 d6 6.O-O Nc6 7.Nc3 a6 8.b3 Rb8
9.Nd5 e6 10.Nxf6+ Bxf6 11.Bb2 Bd7 12.e4 e5 13.d5 Ne7 14.Ne1 Bg7 15.f4 f6
16.Nf3 Bh6 17.Bc1 Bg7 18.fxe5 dxe5 19.Ba3 Re8 20.Qe2 Nc8 21.Nh4 b6 22.Qe3 Nd6
23.Rac1 Nf7 24.Rc2 Bh6 25.Qf2 Bg7 26.c5 Nh6 27.c6 Bc8 28.d6 Be6 29.d7 Re7
30.Bxe7 Qxe7 31.Qe2 Qa3 32.Qd3 Rd8 33.h3 Qa5 34.Kh2 Qa3 35.Rff2 Kh8 36.g4 Ng8
37.Bf1 Bf8 38.Qxa6 Qb4 39.Bc4 Qe7 40.Bxe6 Qxe6 41.Qc4 Qe7 42.Ng2 Bh6 43.b4 Bf8
44.Ne3 Bh6 45.Nd5 Qd6 46.Qa6 Bf4+ 47.Kg2 f5 48.Nxf4 exf4 49.exf5 Qd5+ 50.Kh2 gxf5
51.Qc4 Qd6 52.Qc3+ Nf6 53.Rcd2  1-0

[Event "2nd ITT"]
[Site "Villa Martelli ARG"]
[Date "2007.09.28"]
[Round "8"]
[White "Goldwaser,C"]
[Black "Della Morte,P"]
[Result "1/2-1/2"]
[WhiteElo "2352"]
[BlackElo "2283"]

1.Nf3 Nf6 2.c4 g6 3.d4 Bg7 4.g3 O-O 5.Bg2 d6 6.O-O Nbd7 7.Nc3 e5 8.e4 exd4
9.Nxd4 Re8 10.h3 a6 11.b3 Rb8 12.Re1 c5 13.Nc2 b5 14.Qxd6 Rb6 15.Qd1 b4 16.Na4 Rbe6
17.Bb2 Qe7 18.Ne3 Nxe4 19.Nd5 Qd8 20.Bxg7 Kxg7 21.Bxe4 Rxe4 22.Rxe4 Rxe4
23.Qc2 Qe8 24.Qb2+ f6 25.Rd1 Re1+ 26.Rxe1 Qxe1+ 27.Kh2 Bb7 28.f4 Bxd5 29.cxd5 Qd1
30.Qg2 Qd4 31.Qe2 Qxd5 32.Qe7+ Kg8 33.Qe8+ Nf8 34.Qe2 Ne6 35.Nxc5 Nxc5 36.Qe8+ Kg7
37.Qe7+ Kg8 38.Qe8+  1/2-1/2